LEADER 00825nam a2200229 i 4500 001 000000138275 003 CaOOAMICUS 005 20050429000000.0 008 050429s1980 it u000 u ita u 013 $a112170 040 $aSeMil$bita 100 1 $aPautasso, Sergio,$d<1933-2006>.$0(OLS)http://semarc/name/7184 245 10$aGuida a Pavese /$cSergio Pautasso. 300 $a155 p. ;$c18 cm. 490 0 $aBUR ;$vL282. 500 $aContiene : Nota critica bibliografica. 600 14$aPavese, Cesare <1908-1950>.$0(OLS)http://semarc/subject/11373 830 0$aBUR ;$vL282.$0(OLS)http://semarc/title/17764 850 $aSeMil 852 $aSeMil$W1$xVenegono$y1$m1O I 388$j240625$B91769$CSeMilBibl$Z2$F96769 $81 961 $aOmaggio: Poma mons. Gianfranco 996 $6245$aGuida a Pavese$9(OLS)http://semarc/title/202119 LEADER 00695nam a2200181 i 4500 001 000000103838 003 CaOOAMICUS 005 20011017000000.0 008 011017s1922 fr u000 u fre u 013 $a76019 040 $aSeMil$bita 245 10$a[Impanation - Irvingiens]. 300 $aC. 1267-2570. 500 $aTitolo che appare sul frontespizio : tome septième, première partie : hobbes-immunités. 773 0 $tDictionnaire de théologie catholique.$dParis : Letouzey et Ané, 1930-1972.$gTome7$w()999 850 $aSeMil 852 $aSeMil$W1$xVenegono$y1$mSL1.Q VII 34/2$j60286$B60286$CSeMilBibl$Z2$F44766 $8I 996 $6245$a[Impanation - Irvingiens]$9(OLS)http://semarc/title/150679